| 000 | 00702nam a22001697a 4500 | ||
|---|---|---|---|
| 008 | 200121b xxu||||| |||| 00| 0 eng d | ||
| 020 | _a0728204150 | ||
| 050 | _aKD2517.E7 M87(4e) | ||
| 100 | _aMurdoch, John. | ||
| 245 |
_aThe law of estate agency. / _cJohn Murdoch. |
||
| 250 | _a4th ed. | ||
| 260 |
_aLondon : _bEstates Gazette, _c2003. |
||
| 300 |
_axl, 362 pages : _c22 cm. |
||
| 500 | _aIncludes index. | ||
| 505 | _aContents: Introduction to agency law -- Duties of estate agents and auctioneers -- Rights of estate agents and auctioneers -- Contract of sale -- Misinformation -- Deposits and other payments -- The estate agent Act 1979 -- Other control on estate agency. | ||
| 942 |
_2lcc _cBK |
||
| 999 |
_c6985 _d14485 |
||